000 00332nam a2200133Ia 4500
008 151001s9999||||xx |||||||||||||| ||und||
100 _aगुरुनाथ धुरी
245 _aग्लोरिया
250 _a1
260 _bगुरुनाथ धुरी
260 _c1971
300 _a124
365 _b18
999 _c955606
_d955603